| 000 | nam a22 a 4500 | ||
|---|---|---|---|
| 999 |
_c1688 _d1688 |
||
| 003 | AKMAL | ||
| 005 | 20170511124345.0 | ||
| 008 | 170511r19811966-us 00 eng d | ||
| 020 | _a0256030812 | ||
| 040 |
_aAKMAL _cAKMAL |
||
| 082 | 0 | 4 | _a331.252 ALL |
| 090 | 0 | 0 |
_a331.252 _bALL |
| 100 | 1 |
_aAllen, Everett T. _93464 |
|
| 245 | 1 | 0 |
_aPension planning : _bpensions, profit sharing and other deferred compensation plans / _cEverett T. Allen |
| 250 | _a4th. ed | ||
| 260 |
_aIllinois : _bRichard, _c1981 |
||
| 300 | 0 | 0 |
_axii, 473p. ; _c24cm |
| 650 | 0 |
_aOld age pensions _zUnited States _93465 |
|
| 650 | 0 |
_aPensions trusts _zUnited States _93466 |
|
| 700 | 1 |
_aMelone, Joseph J. _93467 |
|
| 700 | 1 |
_aRosenbloom, Jerry S. _93468 |
|
| 942 |
_2ddc _cBOOK |
||